00573nam a2200181 i 4500001000300000100002300003245007000026260002600096700002400122040000800146041000800154080001700162942000700179008004100186999001700227856009800244952004900342bg1 aCZARNECKI, Ryszard 0aTechnologia obróbki plastycznej /cR. Czarnecki, T. Horyński. aCzęstochowa,c1979.1 aHORYŃSKI, Tadeusz cBPK apol a621.7(075.8) cKS s pl f |000 0 pol  c18890d18890 uhttp://koha.tu.koszalin.pl/cgi-bin/koha/opac-detail.pl?biblionumber=18890yKatalog online BPK 00104070aBPKbBPKcwo26454p01125740yKS